| 000 | 00332nam a2200121Ia 4500 | ||
|---|---|---|---|
| 008 | 220901s9999||||xx |||||||||||||| ||und|| | ||
| 082 | _a004 QAD | ||
| 100 | _aQadir, Misbah | ||
| 245 | 0 | _aJournal of computer and mathematical science | |
| 250 | _aVol. 2 Issue No. 4, 5 & 6 | ||
| 260 |
_bHira Graphics _c2011 |
||
| 650 | _aGraph theory | ||
| 999 |
_c194049 _d194049 |
||